[Event "Tasnad op"]
[Site "Tasnad"]
[Date "2018.09.14"]
[Round "5"]
[White "Herlea, Ioan"]
[Black "Tamas, Alexandru Marius"]
[Result "0-1"]
[WhiteElo "1372"]
[BlackElo "1601"]
[PlyCount "56"]
[EventDate "2018.09.11"]
[EventType "swiss"]
[EventRounds "9"]
[EventCountry "ROU"]
[SourceTitle "CBM 186 Extra"]
[Source "ChessBase"]
[SourceDate "2018.08.24"]
[SourceVersion "1"]
[SourceVersionDate "2018.08.24"]
[SourceQuality "1"]

1. e4 b6 2. f4 g6 3. d4 Bb7 4. Bd3 Bg7 5. c3 d6 6. Nf3 Nd7 7. Be3 e6 8. 0-0 Ne7 9. Nbd2 0-0 10. Rc1 c5 11. Bb1 f5 12. Ng5 Rf6 13. e5 dxe5 14. dxe5 Nd5 15. exf6 Qxf6 16. Nde4 fxe4 17. Nxe4 Qe7 18. Qf3 Rf8 19. g3 Nxe3 20. Qxe3 Nf6 21. Ng5 Bd5 22. c4 Ng4 23. Qd3 Bd4+ 24. Qxd4 cxd4 25. cxd5 exd5 26. Rfe1 Qb4 27. Ne6 Qd2 28. Rf1 Qxh2# 0-1

[Event "Tasnad op"]
[Site "Tasnad"]
[Date "2018.09.11"]
[Round "1"]
[White "Balla, Tamas Kristof"]
[Black "Tamas, Alexandru Marius"]
[Result "1-0"]
[WhiteElo "2328"]
[BlackElo "1601"]
[PlyCount "63"]
[EventDate "2018.09.11"]
[EventType "swiss"]
[EventRounds "9"]
[EventCountry "ROU"]
[SourceTitle "CBM 186 Extra"]
[Source "ChessBase"]
[SourceDate "2018.08.24"]
[SourceVersion "1"]
[SourceVersionDate "2018.08.24"]
[SourceQuality "1"]

1. d4 c5 2. d5 d6 3. e4 Nf6 4. Nc3 a6 5. a4 g6 6. h3 Bg7 7. Nf3 Nbd7 8. Be3 b6 9. Be2 Qc7 10. 0-0 0-0 11. Nd2 Kh8 12. f4 Ng8 13. Bf3 Rb8 14. Qe2 Nh6 15. g4 f6 16. h4 Rg8 17. g5 Nf7 18. h5 Bf8 19. hxg6 Rxg6 20. Bh5 Rg7 21. Bxf7 Rxf7 22. Qh5 Rg7 23. Kh1 Qd8 24. Nf3 Bb7 25. Rf2 Qe8 26. Qh4 e5 27. gxf6 Rg6 28. f5 Rxf6 29. Rh2 Rf7 30. Ng5 Rg7 31. Nxh7 Kg8 32. Ng5 1-0

[Event "Iasi op"]
[Site "Iasi"]
[Date "2014.05.14"]
[Round "5"]
[White "Burg, Brent"]
[Black "Tamas, Alexandru Marius"]
[Result "1-0"]
[WhiteElo "2228"]
[BlackElo "1874"]
[PlyCount "124"]
[EventDate "2014.05.10"]
[EventType "swiss"]
[EventRounds "9"]
[EventCountry "ROU"]
[SourceTitle "CBM 160 Extra"]
[Source "ChessBase"]
[SourceDate "2014.07.01"]
[SourceVersion "1"]
[SourceVersionDate "2014.07.01"]
[SourceQuality "1"]

1. e4 d5 2. exd5 Qxd5 3. Nc3 Qd8 4. d4 Bf5 5. Nf3 e6 6. Bf4 Bd6 7. Qd2 Nf6 8. 0-0-0 c6 9. Ne5 Nbd7 10. Nc4 Bxf4 11. Qxf4 0-0 12. Ne3 Bg6 13. h4 Nb6 14. Be2 h6 15. Bd3 Bxd3 16. Rxd3 Nbd5 17. Ncxd5 Nxd5 18. Nxd5 Qxd5 19. Rg3 Kh8 20. Kb1 a5 21. Re1 a4 22. Re5 Qc4 23. a3 Rad8 24. Rd3 b6 25. Qd2 Rd6 26. Rh5 Kh7 27. b3 axb3 28. cxb3 Qa6 29. Rg3 e5 30. Rxe5 Qxa3 31. Re4 Rg6 32. Qa2 Ra8 33. Qb2 Rxg3 34. fxg3 Qd6 35. Qc2 g6 36. Rf4 Kg7 37. Qc3 Qd5 38. Qf3 Qe6 39. Qc3 f6 40. Rf2 Qd6 41. Rc2 Rc8 42. Qd3 Rd8 43. Qe4 c5 44. dxc5 bxc5 45. Qe3 Rc8 46. Rd2 Qe5 47. Rd7+ Kg8 48. Qxe5 fxe5 49. Re7 Rb8 50. Kc2 Rb4 51. Rxe5 c4 52. bxc4 Rxc4+ 53. Kd2 Rg4 54. Re3 Kg7 55. Ke2 Ra4 56. Kf3 h5 57. Re4 Ra1 58. g4 Ra3+ 59. Kf4 Ra2 60. g3 Rh2 61. Kg5 hxg4 62. Re7+ Kg8 1-0